| 000 | 00711nam a2200265Ia 4500 | ||
|---|---|---|---|
| 001 | dia_2198 | ||
| 003 | CHAP | ||
| 005 | 20251023152352.0 | ||
| 008 | 220117s1970 xx 000 0 und d | ||
| 010 | _a172718 | ||
| 040 | _cCHAP | ||
| 082 | _a639.2 I3 | ||
| 100 |
_aIdyll, Clarance P. _9152381 |
||
| 245 |
_aThe Sea Against Hunger / _c by Clarance P. Idyll |
||
| 260 |
_aNew York : _b Crowell, _c1970 |
||
| 300 | _a221 p. | ||
| 500 | _aD | ||
| 650 |
_a1.Pesca/ _9152382 |
||
| 650 |
_aAlimentos,abastecimiento de/ _9141893 |
||
| 650 |
_aRecursos marinos _995141 |
||
| 901 | _a639.2 I3 | ||
| 902 | _aM | ||
| 905 | _a0000001970 NY A 0000000000ING00 | ||
| 942 |
_cLIBRO _2ddc |
||
| 999 |
_c172718 _d172718 |
||